الجيش المصري في الحرب الروسية، المعروفة، بحرب القرم، 1853-1855 / (Record no. 25083)
[ view plain ]
| 000 -الفاتح | |
|---|---|
| حقل البيانات ثابتة الطول | 01099nam a22002777a 4500 |
| 003 - محدد رقم الضبط | |
| رقم الضبط | OSt |
| 005 - وقت وتاريخ اخر تعامل مع التسجيلة | |
| رقم الضبط | 20170821134350.0 |
| 008 - عناصر البيانات ثابتة الطول - معلومات عامة | |
| حقل البيانات ثابتة الطول | 170727s1996 ua o gr 001 0 ara d |
| 040 ## - مصدر الفهرسة | |
| وكالة الفهرسة الأصلية | EG-ScBUE |
| لغة الفهرسة | ara |
| وكالة النسخ | EG-ScBUE |
| 043 ## - رمز المنطقة الجغرافية | |
| رمز المنطقة الجغرافية | f-ua--- |
| 082 04 - رقم تصنيف ديوى العشرى | |
| رقم التصنيف | 355.00962 |
| رقم المادة | ط و س |
| رقم الطبعة | 22 |
| 100 1# - المدخل الرئيسى - إسم شخصى | |
| الإسم الشخصى | طوسون، عمر، |
| العنوان والكلمات الأخرى المصاحبة للاسم | الأمير، |
| الترقيم | 1944-1872. |
| 245 12 - بيان العنوان | |
| العنوان | الجيش المصري في الحرب الروسية، المعروفة، بحرب القرم، 1853-1855 / |
| بيان المسئوليه,etc | عمر طوسون. |
| 246 33 - العنوان الموازى | |
| عنوان صحيح/عنوان مختصر | حرب القرم |
| 250 ## - بيان الطبعة | |
| بيان الطبعة | ط. 2. |
| 260 ## - PUBLICATION, DISTRIBUTION, ETC. (IMPRINT) | |
| مكان الناشر او الموزع | القاهرة : |
| اسم الناشر او الموزع | مكتبة مدبولي، |
| تاريخ النشر أو التوزيع | 1996. |
| 300 ## - الوصف المادى | |
| التعداد | 250 ص. : |
| تفاصيل ماديه اخرى للوعاء | صور ؛ |
| أبعاد الوعاء | 24 سم. |
| 490 0# - بيان السلسلة | |
| عنوان السلسلة | صفحات من تاريخ مصر ؛ |
| رقم المجلد/ التعيين التسلسلي | 18 |
| 590 ## - تبصرة محلية(RLIN) | |
| تبصرة محلية | سارة |
| 650 #7 - المدخل الاضافى بالموضوع-مصطلح موضوعى | |
| مصطلح موضوعي أو اسم جغرافي كعنصر مدخل | حرب القرم، 1853-1856. |
| مصدر الرأس أو المصطلح | BUEsh |
| 651 #7 - المدخل الاضافى بالموضوع - اسم جغرافى | |
| الاسم الجغرافي | تركيا |
| التقسيم الفرعي العام | تاريخ |
| التقسيم الفرعي الزمني | الإمبراطورية العثمانية، 1288-1918. |
| مصدر الرأس أو المصطلح | BUEsh |
| 9 (RLIN) | 13305 |
| 651 #7 - المدخل الاضافى بالموضوع - اسم جغرافى | |
| الاسم الجغرافي | مصر |
| التقسيم الفرعي العام | تاريخ عسكري |
| التقسيم الفرعي الزمني | الحكم العثماني، 1517-1882. |
| مصدر الرأس أو المصطلح | BUEsh |
| 651 #7 - المدخل الاضافى بالموضوع - اسم جغرافى | |
| الاسم الجغرافي | مصر |
| التقسيم الفرعي العام | تاريخ عسكري. |
| مصدر الرأس أو المصطلح | BUEsh |
| 653 ## - مصطلح تكشيفى غير مقيد | |
| Resource For college | Generalities |
| -- | BAEPS, Political Science |
| Arrived date list | July2017 |
| 942 ## - عناصر المدخل الإضافي( كوها) | |
| مصدر التصنيف او مخطط الترفيف | Dewey Decimal Classification |
| حالة التراجع | حالة الفقد | مصدر التصنيف او خطة الترفيف | حالة تلف | ليس للاعارة | مجموعات كوها | المكان الدائم | المكان الحالي | موقع الترفيف | تاريخ الاكتساب | Source of acquisition | تعداد مسلسل / التسلسل الزمني | رقم الاستدعاء | الباركود | Date last seen | نوع الوعاء |
|---|---|---|---|---|---|---|---|---|---|---|---|---|---|---|---|
| Dewey Decimal Classification | Madboly | Central Library | Central Library | Second Floor | 27/07/2017 | Purchase | 04183 | 355.00962 ط و س | 000034853 | 15/07/2025 | Book - Borrowing |